South Eastern Kenya University

Library Online Public Access Catalogue


Practical physical chemistry / (Record no. 1819)

MARC details
000 -LEADER
fixed length control field 00761cam a22002291 4500
001 - CONTROL NUMBER
control field 9236626
003 - CONTROL NUMBER IDENTIFIER
control field SEKU
005 - DATE AND TIME OF LATEST TRANSACTION
control field 20140825162542.0
008 - FIXED-LENGTH DATA ELEMENTS--GENERAL INFORMATION
fixed length control field 730316s1935 enka 001 0 eng
010 ## - LIBRARY OF CONGRESS CONTROL NUMBER
LC control number 36008910
035 ## - SYSTEM CONTROL NUMBER
System control number (OCoLC)581814
040 ## - CATALOGING SOURCE
Original cataloging agency DLC
Transcribing agency OKentU
Modifying agency PPiU
-- DLC
-- SEKU
Language of cataloging eng
042 ## - AUTHENTICATION CODE
Authentication code premarc
050 00 - LIBRARY OF CONGRESS CALL NUMBER
Classification number QD457
Item number .F5 1935
100 1# - MAIN ENTRY--PERSONAL NAME
Personal name Findlay, Alexander,
Dates associated with a name 1874-
245 10 - TITLE STATEMENT
Title Practical physical chemistry /
Statement of responsibility, etc. by Alexander Findlay ...With 117 figures in the text.
250 ## - EDITION STATEMENT
Edition statement 6th ed.
260 ## - PUBLICATION, DISTRIBUTION, ETC. (IMPRINT)
Place of publication, distribution, etc. London :
-- New York [etc.] ;
Name of publisher, distributor, etc. Longmans, Green and co.,
Date of publication, distribution, etc. [1935]
300 ## - PHYSICAL DESCRIPTION
Extent 318 p. :
Other physical details illus. ;
Dimensions 22 cm.
650 #0 - SUBJECT ADDED ENTRY--TOPICAL TERM
Topical term or geographic name as entry element Chemistry, Physical and theoretical
General subdivision Laboratory manuals.
942 ## - ADDED ENTRY ELEMENTS (KOHA)
Source of classification or shelving scheme Library of Congress Classification
Koha item type General circulation
Classification part QD457
Item part .F5 1935
Holdings
Withdrawn status Lost status Source of classification or shelving scheme Damaged status Not for loan Home library Current library Date acquired Cost, normal purchase price Total Checkouts Full call number Barcode Date last seen Cost, replacement price Price effective from Koha item type Public note
    Library of Congress Classification     Main Campus Library Main Campus Library 25/08/2014 500.00   QD457 .F5 1935 2019/021947 25/08/2014 1000.00 25/08/2014 General circulation Rono
Kitui, Kenya.
+254736116989
library@seku.ac.ke